000 00431nam a22001817a 4500
003 MPLRDC
005 20220104125413.0
008 210129b ||||| |||| 00| 0 eng d
020 _a7-80505-575-0
082 _a857.9 CM v.3
100 _a残墨
245 _a魂断江湖. 下
_c
250 _a一版一刷
260 _a
_b花山文艺出版社
_c1992
300 _b
650 _a武侠小说
942 _cBK
_o857.9 CM v.3
999 _c27091
_d27081